Central Library OPAC University of Rajshahi

Rethinking criminology : (Record no. 60005)

MARC details
000 -LEADER
fixed length control field 00929nam a2200313 a 4500
001 - CONTROL NUMBER
control field 60005
003 - CONTROL NUMBER IDENTIFIER
rucl marc code BD-RjUL
005 - DATE AND TIME OF LATEST TRANSACTION
control field 20211209080808.0
008 - FIXED-LENGTH DATA ELEMENTS--GENERAL INFORMATION
fixed length control field 161228s1992 enka b 001 0 eng d
020 ## - INTERNATIONAL STANDARD BOOK NUMBER
International Standard Book Number 0803986211
International Standard Book Number 0803984857
International Standard Book Number 0803984847
International Standard Book Number 0803986203
035 ## - SYSTEM CONTROL NUMBER
System control number (BD-RjUL)60129
040 ## - CATALOGING SOURCE
Original cataloging agency BNB
Language of cataloging eng
Transcribing agency BNB
Modifying agency BD-RjUL
041 ## - LANGUAGE CODE
Language code of text/sound track or separate title eng
082 04 - DEWEY DECIMAL CLASSIFICATION NUMBER
Classification number 364
Edition number 23
Author mark and year RET 1992
245 00 - TITLE STATEMENT
Title Rethinking criminology :
Remainder of title the realist debate /
Statement of responsibility, etc. edited by Jock Young and Roger Matthews.
260 ## - PUBLICATION, DISTRIBUTION, ETC. (IMPRINT)
Place of publication, distribution, etc. London :
Name of publisher, distributor, etc. Sage Publications,
Date of publication, distribution, etc. 1992.
300 ## - PHYSICAL DESCRIPTION
Pagination [vi], 164 p. :
Illustrations ill. ;
Size 22 cm.
490 ## - SERIES STATEMENT
Series statement Sage contemporary criminology
500 ## - GENERAL NOTE
General note Includes index.
650 #0 - SUBJECT ADDED ENTRY--TOPICAL TERM
Topical term or geographic name as entry element Criminology.
9 (RLIN) 176527
Topical term or geographic name as entry element Crime
General subdivision Public opinion.
9 (RLIN) 178530
700 1# - ADDED ENTRY--PERSONAL NAME
Personal name Young, Jock.
Personal name Matthews, Roger.
830 ## - SERIES ADDED ENTRY--UNIFORM TITLE
Uniform title Sage contemporary criminology
942 ## - ADDED ENTRY ELEMENTS (KOHA)
Source of classification or shelving scheme Dewey Decimal Classification
Koha item type Books
Holdings
Lost status Source of classification or shelving scheme Damaged status Not for loan Collection code Permanent Location Current Location Shelving location Date acquired Source of acquisition Cost, normal purchase price Total Checkouts Full call number Date last seen Copy number Koha item type
  Dewey Decimal Classification   Not For Loan Non-fiction Central Library, University of Rajshahi Central Library, University of Rajshahi Reading Room 25/06/1997 Paragon Enterprise Ltd.Dhaka. 49.95   364 RET 1992 28/12/2016 C-1 Books